000 01060nam a2200349 c 4500
001 6957
003 ES-MaCES
005 20150925135625.0
008 980515s1996 sp ||| | spa d
017 _aB-29.264-96
_bDL
035 _aCES19980070243m
040 _aES-MaCES
_bspa
_cES-MaCES
110 2 _aTribunal Laboral de Catalunya
_95061
245 1 0 _aLaudos del Tribunal Laboral de Catalunya (1992-1995)
_cTribunal Laboral de Catalunya
250 _a1ª ed., 1ª reimp
260 _aBarcelona
_bTribunal Laboral de Catalunya
_c1996
300 _a287 p.
_c24 cm
500 _aIndices
541 _cGratuito
650 4 _aconflicto de trabajo
_928367
650 4 _aarreglo de conflicto
_927305
650 4 _aarbitraje
_927302
650 4 _alaudo arbitral
_929860
650 4 _aCataluña
_930774
650 4 _a1992-1995
_931010
650 4 _ainforme
_928986
653 1 0 _aRelaciones laborales-Empleo
650 4 _928369
_arelaciones laborales
902 _aLIB Libro
942 _2CES
_cBK
_h2.0.
999 _c6957
_d6957